Ehime-ken ni okeru kokudo sōgō kaihatsu keikaku no shihyō : Kenshō ronbun shū.
Disimpan dalam:
| Pengarang Korporat: | |
|---|---|
| Format: | Buku |
| Bahasa: | Japanese |
| Diterbitkan: |
Matsuyama :
Ehime-ken Sōmubu Kikakuka,
Shōwa 26 [1951]
|
| Subjek-subjek: | |
| Penanda-penanda: |
Tambah Penanda
Tiada Penanda, Jadilah orang pertama menanda rekod ini!
|
| LEADER | 00980nam a2200241ui 4500 | ||
|---|---|---|---|
| 001 | 007775496-4 | ||
| 005 | 20024617122053.0 | ||
| 008 | 980427s1951 ja f000 0 jpn d | ||
| 035 | 0 | |a ocm39023107 | |
| 040 | |a *YNH* |c *YNH* |d CStRLIN | ||
| 110 | 1 | |6 880-01 |a Ehime-ken (Japan). |b Sōmubu. |b Kikakuka. | |
| 245 | 1 | 0 | |6 880-02 |a Ehime-ken ni okeru kokudo sōgō kaihatsu keikaku no shihyō : |b Kenshō ronbun shū. |
| 260 | |6 880-03 |a Matsuyama : |b Ehime-ken Sōmubu Kikakuka, |c Shōwa 26 [1951] | ||
| 300 | |a [77] p. ; |c 25 cm. | ||
| 500 | |a Cover title. | ||
| 650 | 0 | |a Regional planning |z Japan |z Ehime-ken. | |
| 651 | 0 | |6 880-04 |a Ehime-ken (Japan) |x Economic policy. | |
| 880 | 1 | |6 110-01 |a 愛媛縣 (Japan). |b 總務部. |b 企畫課. | |
| 880 | 1 | 0 | |6 245-02 |a 愛媛縣における國土總合開発計画の指標 : |b 縣賞論文集. |
| 880 | |6 260-03 |a 松山 : |b 愛媛縣總務部企畫課, |c 昭和26 [1951] | ||
| 880 | 0 | |6 651-04 |a 愛媛縣 (Japan) |x Economic policy. | |
| 988 | |a 20021221 | ||
| 906 | |0 MH | ||


